LEADER 02869oam 2200673I 450 001 9910784001303321 005 20230617001915.0 010 $a1-351-83666-8 010 $a1-315-22077-6 010 $a1-62870-647-3 010 $a1-280-19517-7 010 $a9786610195176 010 $a0-203-99738-7 024 7 $a10.1201/9781420030907 035 $a(CKB)1000000000251919 035 $a(EBL)243239 035 $a(OCoLC)191036804 035 $a(SSID)ssj0000202412 035 $a(PQKBManifestationID)11166842 035 $a(PQKBTitleCode)TC0000202412 035 $a(PQKBWorkID)10252211 035 $a(PQKB)11421386 035 $a(MiAaPQ)EBC243239 035 $a(Au-PeEL)EBL243239 035 $a(CaPaEBR)ebr10162244 035 $a(CaONFJC)MIL19517 035 $a(OCoLC)935228262 035 $a(OCoLC)1000433832 035 $a(EXLCZ)991000000000251919 100 $a20180331d2005 uy 0 101 0 $aeng 135 $aur|n|---||||| 181 $ctxt 182 $cc 183 $acr 200 10$aMicrooptics technology /$fNicholas F. Borrelli 205 $a2nd ed. 210 1$aNew York :$cMarcel Dekker,$d2005. 215 $a1 online resource (543 p.) 225 1 $aOptical engineering ; v. 93 300 $aDescription based upon print version of record. 311 $a1-4200-3090-6 311 $a0-8247-5921-4 320 $aIncludes bibliographical references and index. 327 $aBook Cover; Title; Copyright; Dedication; Preface to Second Edition; Contents; 1 Introduction; 2 Refractive Elements; 3 Gradient Index; 4 Diffractive Element Lenses; 5 Erect One-to-One Imaging; 6 Two-Dimensional Arrays; 7 Gratings; 8 Optical Isolators; 9 Photonic Crystals; 10 Femtosecond-Laser Interaction in Glasses; 11 Negative Refractive Index Materials; Index 330 $aIt has been five years since the publication of the first edition of Microoptics Technology. In that time, optical technology has experienced an unparalleled burst of activity that has produced a body of significant real results that have advanced new materials, devices, and systems. Building on the foundation of the first edition, this comprehensive reference presents an introduction and review of the optics and methods of microoptic elements with particular emphasis on lenses and lens arrays.The author explores advances that emerged from the flurry of activity over the last five year 410 0$aOptical engineering (Marcel Dekker, Inc.) ;$vv. 93. 606 $aLenses$xDesign and construction 606 $aOptics 615 0$aLenses$xDesign and construction. 615 0$aOptics. 676 $a621.36 700 $aBorrelli$b Nicholas F.$f1936,$01550913 801 0$bFlBoTFG 801 1$bFlBoTFG 906 $aBOOK 912 $a9910784001303321 996 $aMicrooptics technology$93810126 997 $aUNINA LEADER 04050nam 22007452 450 001 9910826855103321 005 20160418143356.0 010 $a1-107-22080-7 010 $a1-139-01247-9 010 $a1-283-01599-4 010 $a9786613015990 010 $a1-139-01168-5 010 $a1-139-01194-4 010 $a1-139-01115-4 010 $a1-139-01088-3 010 $a0-511-97682-8 010 $a1-139-01141-3 035 $a(CKB)2560000000061394 035 $a(EBL)667616 035 $a(OCoLC)707068374 035 $a(SSID)ssj0000467933 035 $a(PQKBManifestationID)12140875 035 $a(PQKBTitleCode)TC0000467933 035 $a(PQKBWorkID)10490808 035 $a(PQKB)10346763 035 $a(UkCbUP)CR9780511976827 035 $a(MiAaPQ)EBC667616 035 $a(Au-PeEL)EBL667616 035 $a(CaPaEBR)ebr10452906 035 $a(CaONFJC)MIL301599 035 $a(EXLCZ)992560000000061394 100 $a20101012d2011|||| uy| 0 101 0 $aeng 135 $aur||||||||||| 181 $ctxt$2rdacontent 182 $cc$2rdamedia 183 $acr$2rdacarrier 200 10$aCongress in black and white $erace and representation in Washington and at home /$fChristian R. Grose$b[electronic resource] 210 1$aCambridge :$cCambridge University Press,$d2011. 215 $a1 online resource (xiv, 242 pages) $cdigital, PDF file(s) 300 $aTitle from publisher's bibliographic system (viewed on 05 Oct 2015). 311 $a0-521-17701-4 311 $a1-107-00351-2 320 $aIncludes bibliographical references and index. 327 $aMachine generated contents note: 1. African-American legislators, African-American districts, or democrats?; 2. A unified theory of African-American representation in Congress; 3. The "hollow hope" of civil rights change in the US House; 4. Location, location, location: delivering constituency service to African-Americans; 5. Constituency service in the district: connecting black legislators, black staff, and black voters; 6. Bringing home the bacon: delivering federal "pork" to African-Americans; 7. The future of racial redistricting: black decisive districts. 330 $aThe symbolic importance of Barack Obama's election is without question. But beyond symbolism, does the election of African-American politicians matter? Grose argues that it does and presents a unified theory of representation. Electing African-American legislators yields more federal dollars and congressional attention directed toward African-American voters. However, race and affirmative action gerrymandering have no impact on public policy passed in Congress. Grose is the first to examine a natural experiment and exceptional moment in history in which black legislators - especially in the U.S. South - represented districts with a majority of white constituents. This is the first systematic examination of the effect of a legislator's race above and beyond the effect of constituency racial characteristics. Grose offers policy prescriptions, including the suggestion that voting rights advocates, the courts, and redistricters draw 'black decisive districts', electorally competitive districts that are likely to elect African Americans. 517 3 $aCongress in Black & White 606 $aAfrican American legislators 606 $aGerrymandering$zUnited States 606 $aAfrican Americans$xGovernment policy 606 $aCivil rights$xGovernment policy$zUnited States 606 $aRepresentative government and representation$zUnited States 615 0$aAfrican American legislators. 615 0$aGerrymandering 615 0$aAfrican Americans$xGovernment policy. 615 0$aCivil rights$xGovernment policy 615 0$aRepresentative government and representation 676 $a328.730089/96073 700 $aGrose$b Christian R.$01602786 801 0$bUkCbUP 801 1$bUkCbUP 906 $aBOOK 912 $a9910826855103321 996 $aCongress in black and white$93926843 997 $aUNINA